| 000 | 00000nam 2200000za 4500 |
| 001 | 9.638770 |
| 003 | CaOODSP |
| 005 | 20250307092123 |
| 007 | cr ||||||||||| |
| 008 | 150407|2007||||xxc|||||o f|0| 0 fre d |
| 040 | |aCaOODSP|bfre |
| 043 | |an-cn--- |
| 086 | 1 |aFR5-54/2007F-PDF |
| 110 | 1 |aCanada. |bAffaires étrangères et commerce international Canada. |
| 245 | 10|aRapport du Canada sur la mise en oeuvre des compromis du quatrième Sommet des Amériques |h[ressource électronique] |
| 260 | |aOttawa - Ontario : |bAffaires étrangères et Commerce international |c22 mai 2007. |
| 300 | |a22p. |
| 590 | |a11-07-Supp|b2011-05-17 |
| 691 | 07|aPolitique étrangère|2gcpds |
| 775 | 08|t[Rapport du Canada sur la mise en oeuvre des compromis du quatrième Sommet des Amériques] |w(CaOODSP)9.675278 |
| 775 | 08|tNational report of Canada on the implementation of commitments from the fourth Summit of the Americas |w(CaOODSP)9.694596 |
| 794 | |tRapports nationaux sur la mise en oevre des engagements du quatrième Sommet des Amériques (Canada, janvier 2007-décembre 2007) |w(CaOODSP)9.638772 |
| 856 | 40|ahttp://publications.gc.ca|qPDF|s222 Ko|uhttps://publications.gc.ca/collections/collection_2011/aecic-faitc/FR5-54-2007-fra.pdf |